<?xml version="1.0" encoding="UTF-8"?><?xml-stylesheet type="text/xsl" href="static/style.xsl"?><OAI-PMH xmlns="http://www.openarchives.org/OAI/2.0/" xmlns:xsi="http://www.w3.org/2001/XMLSchema-instance" xsi:schemaLocation="http://www.openarchives.org/OAI/2.0/ http://www.openarchives.org/OAI/2.0/OAI-PMH.xsd"><responseDate>2026-06-03T08:58:20Z</responseDate><request verb="GetRecord" identifier="oai:riuma.uma.es:10630/32190" metadataPrefix="marc">https://riuma.uma.es/rest/oai/request</request><GetRecord><record><header><identifier>oai:riuma.uma.es:10630/32190</identifier><datestamp>2026-02-03T11:37:20Z</datestamp><setSpec>com_10630_2254</setSpec><setSpec>col_10630_20092</setSpec></header><metadata><record xmlns="http://www.loc.gov/MARC21/slim" xmlns:dcterms="http://purl.org/dc/terms/" xmlns:doc="http://www.lyncode.com/xoai" xmlns:xsi="http://www.w3.org/2001/XMLSchema-instance" xsi:schemaLocation="http://www.loc.gov/MARC21/slim http://www.loc.gov/standards/marcxml/schema/MARC21slim.xsd">
   <leader>00925njm 22002777a 4500</leader>
   <datafield ind2=" " ind1=" " tag="042">
      <subfield code="a">dc</subfield>
   </datafield>
   <datafield ind2=" " ind1=" " tag="720">
      <subfield code="a">Farfán-Aguilar, Miguel Ángel</subfield>
      <subfield code="e">author</subfield>
   </datafield>
   <datafield ind2=" " ind1=" " tag="720">
      <subfield code="a">Duarte, Jesús</subfield>
      <subfield code="e">author</subfield>
   </datafield>
   <datafield ind2=" " ind1=" " tag="720">
      <subfield code="a">Romero-Pacheco, David</subfield>
      <subfield code="e">author</subfield>
   </datafield>
   <datafield ind2=" " ind1=" " tag="720">
      <subfield code="a">Colorado-Pedrero, Laura</subfield>
      <subfield code="e">author</subfield>
   </datafield>
   <datafield ind2=" " ind1=" " tag="720">
      <subfield code="a">García-Quevedo, Pablo</subfield>
      <subfield code="e">author</subfield>
   </datafield>
   <datafield ind2=" " ind1=" " tag="720">
      <subfield code="a">Díaz-Ruiz, Francisco</subfield>
      <subfield code="e">author</subfield>
   </datafield>
   <datafield ind2=" " ind1=" " tag="260">
      <subfield code="c">2024-07-15</subfield>
   </datafield>
   <datafield ind2=" " ind1=" " tag="520">
      <subfield code="a">Cannibalism by adults of conspecific juveniles has been reported in wild populations of common chameleon (Chamaeleo chamaeleon). In view of this cannibalistic behaviour by adults, we hypothesise that juvenile chameleons should select nocturnal perches with distinct characteristics from those chosen by adults, thus avoiding them. To test this hypothesis, we examined nocturnal perch selection by adults and juveniles over seven months of field monitoring of a chameleon population in southern Iberia. Our results support the hypothesis of cannibalism as a selective force leading to differential habitat use by juveniles and adults because juveniles select unstable perches that are inaccessible to adults and avoid spatial overlap with adults, including sharing the same plant foot. &#xd;
The database is structured in six fields describing the following information about each common chameleon found: date, type of plant, branch diameter (mm) and height (cm) on which the individual was found, weight (g) and age (juvenile/adult).</subfield>
   </datafield>
   <datafield ind1="8" ind2=" " tag="024">
      <subfield code="a">https://hdl.handle.net/10630/32190</subfield>
   </datafield>
   <datafield ind1="8" ind2=" " tag="024">
      <subfield code="a">10.24310/riuma.32190</subfield>
   </datafield>
   <datafield tag="653" ind2=" " ind1=" ">
      <subfield code="a">Camaleones - Hábitos y conducta</subfield>
   </datafield>
   <datafield tag="653" ind2=" " ind1=" ">
      <subfield code="a">Canibalismo en animales</subfield>
   </datafield>
   <datafield tag="653" ind2=" " ind1=" ">
      <subfield code="a">Camaleones - Hábitat</subfield>
   </datafield>
   <datafield ind2="0" ind1="0" tag="245">
      <subfield code="a">Height and diameter of nocturnal perches selected by juveniles and adults of common chameleon (Chamaeleo chamaeleon).</subfield>
   </datafield>
</record>
</metadata></record></GetRecord></OAI-PMH>